Poesías / (Record n. 10932)

Dettagli MARC
000 -LEADER
fixed length control field 00795nam a2200229 i 4500
003 - CONTROL NUMBER IDENTIFIER
control field IT-RoINE
005 - DATE AND TIME OF LATEST TRANSACTION
control field 20190318061223.0
008 - FIXED-LENGTH DATA ELEMENTS--GENERAL INFORMATION
fixed length control field 900725s1956 sp r p spa d
040 ## - CATALOGING SOURCE
Original cataloging agency SpMaBN
Transcribing agency IT-RoINE
Modifying agency IT-RoINE
100 1# - MAIN ENTRY--PERSONAL NAME
Personal name Campoamor, Ramón de,
Dates associated with a name 1817-1901
9 (RLIN) 22574
245 10 - TITLE STATEMENT
Title Poesías /
Statement of responsibility, etc Campoamor ; introducción, edicion y notas de C. Rivas Cherif ; prólogo de Félix Ros.
260 ## - PUBLICATION, DISTRIBUTION, ETC. (IMPRINT)
Place of publication, distribution, etc Madrid :
Name of publisher, distributor, etc Espasa-Calpe,
Date of publication, distribution, etc 1956.
300 ## - PHYSICAL DESCRIPTION
Extent 336 p. ;.
Dimensions 19 cm.
336 ## - CONTENT TYPE
Source rdacontent
Content type term text
337 ## - MEDIA TYPE
Source rdamedia
Media type term unmediated
338 ## - CARRIER TYPE
Source rdacarrier
Carrier type term volume
490 1# - SERIES STATEMENT
Series statement Clásicos castellanos ;
Volume number/sequential designation 40
700 1# - ADDED ENTRY--PERSONAL NAME
Personal name Rivas Cherif, Cipriano de,
Dates associated with a name 1891-1967
9 (RLIN) 5019
700 1# - ADDED ENTRY--PERSONAL NAME
9 (RLIN) 22575
Personal name Ros, Félix,
Dates associated with a name 1912-1974
830 #0 - SERIES ADDED ENTRY--UNIFORM TITLE
Uniform title Clásicos castellanos (Espasa-Calpe)
Volume number/sequential designation 40
9 (RLIN) 22520
942 ## - ADDED ENTRY ELEMENTS (KOHA)
Item type Monografías
Dati di copia
Withdrawn status Lost status Damaged status Not for loan Home library Current library Date acquired Total Checkouts Full call number Barcode Date last seen Price effective from Koha item type
        Iglesia Nacional Española en Roma Iglesia Nacional Española en Roma 08/02/2016   COL.A 31.40 19255 08/02/2016 08/02/2016 Monografías